Choroby zubov a ústnej dutiny ako im treba predchádzať

Bibliographic Details
Other Authors: Mlkvá, R., Andrik, Pavel, 1917-1991, Velgos, Štefan, 1915-1989, Martinko, Vladimír, 1921-1991, Müncnerová, Zora, 1923-1999, Kušnírová, A., Ležovič, Ján, 1920-2013, Halmoš, Juraj, 1913-1998, Beseda, Vincent, 1898-1956 (Compiler), Kvassay, A.
Format: Book
Language:Slovak
PhysicalDescription:89, [3] s. ilustr. V. 8°
Published: Martin Osveta 1954
Series:Malá náučná knižnica
Subjects:

MARC

LEADER 00000cam a2200000 a 4500
001 vtls008364378
003 SK-MaSNL
005 20260302074553.0
008 251124s1954 xo a 000 0 slo
015 |a SNBA19451955-000758 
020 |q (brožované) 
035 |a SK01SNKBKSFS20020056595 
035 |a urn:nbn:sk:snk-am3hswl 
035 |a 256933F2-3CB0-4989-9C92-AAD2AC3391B4 
035 |a urn:nbn:sk:snk-am00d854 
035 |a SKM000059058 
040 |a SNK  |b slo  |c SNK  |e AACR2 
041 0 |a slo 
044 |a xo  |c SK 
080 |a 616.31  |2 1981 
245 0 0 |a Choroby zubov a ústnej dutiny  |b ako im treba predchádzať  |c zostavil a zredigoval V. Beseda 
260 |a Martin  |b Osveta  |c 1954  |e Martin  |f Severoslov. tlač. 
300 |a 89, [3] s.  |b ilustr.  |c V. 8° 
366 |e 3.300 výtlač. 
490 1 |a Malá náučná knižnica  |v zv. 114 
650 0 7 |a stomatológia  |2 SNKPH  |9 917 
650 0 7 |a ústna dutina  |2 SNKPH  |9 50769 
650 0 7 |a ústna hygiena  |2 SNKPH  |9 74856 
650 0 7 |a prevencia ochorení  |2 SNKPH  |9 69501 
655 7 |a monografie  |2 SNKPH  |9 70139 
700 1 2 |a Mlkvá, R.  |t Dejiny zubného lekárstva  |9 740381 
700 1 2 |a Andrik, Pavel,  |d 1917-1991  |t Zloženie v vývoj zubov  |9 740382 
700 1 2 |a Velgos, Štefan,  |d 1915-1989  |t Výživa a zubný kaz  |9 740383 
700 1 2 |a Martinko, Vladimír,  |d 1921-1991  |t Hygiena ústnej dutiny  |9 740384 
700 1 |a Müncnerová, Zora,  |d 1923-1999  |t Prevencia zubného kazu  |9 740385 
700 1 |a Kušnírová, A.  |t Zápaly sliznice ústnej dutiny  |9 740386 
700 1 |a Ležovič, Ján,  |d 1920-2013  |t Paradentóza  |t Vplyv pracovného prostredia na ústnu dutinu a chrup človeka  |9 740387 
700 1 |a Halmoš, Juraj,  |d 1913-1998  |t Ktoré zuby treba vytiahnuť  |t Prvá pomoc pri zlomeninách čeľuste a sánky  |9 740388 
700 1 |a Beseda, Vincent,  |d 1898-1956  |t Nepravidelný chrup  |4 com  |9 740389 
700 1 |a Kvassay, A.  |t Ložisková (fokálna) zubná infekcia  |9 740390 
700 1 2 |a Andrik, Pavel,  |d 1917-1991  |t Náuka o nahradzovaní zubov  |9 740391 
830 0 |a Malá náučná knižnica  |9 308631 
852 |a Slovenská národná knižnica 
954 |a odborná, vedecká literatúra pôvodná (slovenská)  |2 lita 
958 |a RK 
958 |a TL 
958 |a MI 
958 |a OND 
958 |a EUIPO 
999 |c 1165545  |d 1167475 
952 |t P60, <03>, [BOOK], {603}  |a SNK  |b SNK  |y PREZ  |7 0  |p 17A0748019  |o snkSC 4075/114  |i snk1441/54  |0 0  |1 0  |4 0  |d 1997-04-09  |f 1  |l 0  |r 2025-06-25 00:00:00  |w 2026-02-24 
952 |t P60, <04>, [BOOK], {604}  |a SNK  |b SNK  |y VYP  |7 0  |p 17A0268555  |o snkSC 4075/114 D1  |i snkI. 11806/54  |0 0  |1 0  |4 0  |d 1997-04-09  |l 0  |r 2005-01-02 00:00:00  |w 2026-02-24 
952 |t P60, <04>, [BOOK], {604}  |a SNK  |b SNK  |y VYP  |7 0  |p 17A0268765  |o snkSC 4075/114 D2  |i snkF 239/70  |0 0  |1 0  |4 0  |d 1997-04-30  |l 0  |r 2005-01-02 00:00:00  |w 2026-02-24